Reparación y puesta a punto de motores diesel
Gardado en:
| Autor Principal: | |
|---|---|
| Formato: | Libro |
| Idioma: | Lingua castelá |
| Publicado: |
Barcelona
Marcombo
1996
|
| Subjects: | |
| Tags: |
Engadir etiqueta
Sen Etiquetas, Sexa o primeiro en etiquetar este rexistro!
|
MARC
| LEADER | 00000nam a2200000 a 4500 | ||
|---|---|---|---|
| 001 | UCN1729 | ||
| 003 | CL-VaPUC | ||
| 008 | 010504e19960000SP |||||||||||||||||spa|d | ||
| 082 | 0 | 4 | |a 621.436 |b ERP |2 21 |
| 100 | 0 | |a Erpelding, N. L |e author |9 457014 | |
| 245 | 1 | 0 | |a Reparación y puesta a punto de motores diesel |
| 300 | |a 230 p | ||
| 942 | |c BK | ||
| 945 | |d 20010504 00:00:00 |a vberengu | ||
| 260 | |a Barcelona |b Marcombo |c 1996 | ||
| 650 | 7 | |a BOMBAS |2 CL-VaPUC |9 259418 | |
| 650 | 7 | |a INYECTORES |2 CL-VaPUC |9 427356 | |
| 650 | 7 | |a MANTENIMIENTO Y REPARACION |2 CL-VaPUC |9 260850 | |
| 650 | 0 | |a Motores |9 334293 | |
| 650 | 0 | |a Motores Diésel |9 271572 | |
| 583 | |a last modification |c 20010504 00:00:00 |k Rodrigo Vera | ||
| 999 | |c 294962 |d 294960 | ||
| 952 | |0 0 |1 0 |4 0 |6 621_436000000000000_ERP_1996 |7 0 |8 A |9 347733 |a BIBMEC |b BIBMEC |d 2019-11-20 |i 3716015 |o 621.436 ERP 1996 |p 3716015 |r 2019-11-20 |w 2019-11-20 |y BK |k MEC | ||